Sports Quiz

Random Sports or Football Quiz

'W' Footballer Images (Soccer) Quiz Stats

 Plays Quiz not verified by Sporcle

Score 0/30 Timer 05:00
0 Plays Today
Image Player % Correct
Theo Walcott
96.8%
Danny Welbeck
92.8%
Jack Wilshere
84.3%
Willian
81.6%
Kyle Walker
79.9%
Ashley Williams
76.4%
Ian Wright
74.9%
Roman Weidenfeller
71.6%
Jonathan Walters
71%
Victor Wanyama
67.3%
Jonathan Woodgate
66.9%
George Weah
66.8%
Sylvain Wiltord
66.2%
Taribo West
50%
Ben Watson
49.8%
Image Player % Correct
Chris Waddle
46.4%
Andreas Weimann
43.5%
Paulo Wanchope
42.7%
Dean Windass
41.1%
Glenn Whelan
39.4%
Ray Wilkins
37.9%
Marc Wilmots
32.2%
Aron Winter
27%
Christian Wilhelmsson
26%
Stephen Warnock
23.3%
Norman Whiteside
17.8%
Pierre Womé
17%
Tony Woodcock
8.8%
Eric Wynalda
7.2%
Gary Walsh
6.8%

You're not logged in!

Compare scores with friends on all Sporcle quizzes.
OR
Log In

You Might Also Like...

Show Comments

Extras

Top Quizzes Today


Score Distribution

Your Account Isn't Verified!

In order to create a playlist on Sporcle, you need to verify the email address you used during registration. Go to your Sporcle Settings to finish the process.

Report this User

Report this user for behavior that violates our Community Guidelines.

Details: